[Event "Blackpool op 41st"]
[Site "Blackpool"]
[Date "2017.03.10"]
[Round "1"]
[White "Shaw, Robert"]
[Black "Phillips, David A"]
[Result "1-0"]
[WhiteElo "2209"]
[BlackElo "1942"]
[PlyCount "61"]
[EventDate "2017.03.10"]
[EventType "swiss"]
[EventRounds "5"]
[EventCountry "ENG"]
[SourceTitle "CBM 177 Extra"]
[Source "ChessBase"]
[SourceDate "2017.04.27"]
[SourceVersion "1"]
[SourceVersionDate "2017.04.27"]
[SourceQuality "1"]

1. d4 Nf6 2. Bg5 Ne4 3. Bf4 c5 4. d5 Qb6 5. Bc1 d6 6. f3 Nf6 7. e4 g6 8. c4 Bg7 9. Nc3 0-0 10. Be2 e6 11. Qb3 Na6 12. Qxb6 axb6 13. Bf4 Nb4 14. Kd2 exd5 15. cxd5 Nh5 16. Bxd6 Rd8 17. Bc7 Rd7 18. Bxb6 Bh6+ 19. Kd1 Nf4 20. Bxc5 Nfxd5 21. exd5 Nxd5 22. Ke1 Nxc3 23. bxc3 Bd2+ 24. Kf2 Bxc3 25. Rc1 Bd2 26. Rc2 Rd5 27. Be3 Bb4 28. Nh3 Bxh3 29. gxh3 Re8 30. Rb1 Be7 31. f4 1-0

[Event "BCF-chT3Nd 1516 (4NCL)"]
[Site "England"]
[Date "2016.04.30"]
[Round "9.95"]
[White "Phillips, David A"]
[Black "Bramson, Mike"]
[Result "0-1"]
[WhiteElo "2005"]
[BlackElo "1872"]
[PlyCount "94"]
[EventDate "2016.03.20"]
[EventType "team-swiss"]
[EventRounds "11"]
[EventCountry "ENG"]
[SourceTitle "EXT 2017"]
[Source "ChessBase"]
[SourceDate "2016.10.25"]
[SourceVersion "1"]
[SourceVersionDate "2016.10.25"]
[SourceQuality "1"]
[WhiteTeam "Spirit of Atticus III"]
[BlackTeam "Bradford DCA Knights III"]
[WhiteTeamCountry "ENG"]
[BlackTeamCountry "ENG"]

1. e4 e5 2. Nf3 Nc6 3. Bb5 a6 4. Ba4 d6 5. c3 Bd7 6. d4 Nge7 7. Bg5 h6 8. Be3 Ng6 9. d5 Nb8 10. c4 Be7 11. Nc3 0-0 12. 0-0 f5 13. Bxd7 Qxd7 14. exf5 Qxf5 15. Qb1 Qh5 16. Qe4 Nd7 17. Ne2 Nf6 18. Ng3 Nxe4 19. Nxh5 Rf5 20. Ng3 Nxg3 21. hxg3 Rf7 22. Rac1 Bf6 23. Nd2 Ne7 24. g4 g5 25. Ne4 Kg7 26. Rfd1 Rh8 27. c5 Nc8 28. b4 Kg6 29. a4 h5 30. cxd6 Nxd6 31. gxh5+ Rxh5 32. Ng3 Rh4 33. Rb1 Rfh7 34. Kf1 Rc4 35. Bc5 Rhh4 36. f3 Rc2 37. Kg1 Be7 38. a5 Nc4 39. Nf1 Bd6 40. Bxd6 Nxd6 41. Ne3 Re2 42. Rb3 Nb5 43. Ng4 Kf5 44. Rbd3 Kf4 45. R3d2 Rxd2 46. Rxd2 e4 47. Kf2 Rxg4 0-1

[Event "Blackpool op 40th"]
[Site "Blackpool"]
[Date "2016.03.13"]
[Round "4"]
[White "Allen, Keith"]
[Black "Phillips, David A"]
[Result "0-1"]
[WhiteElo "2234"]
[BlackElo "1969"]
[PlyCount "115"]
[EventDate "2016.03.11"]
[EventType "swiss"]
[EventRounds "5"]
[EventCountry "ENG"]
[SourceTitle "CBM 171 Extra"]
[Source "ChessBase"]
[SourceDate "2016.04.26"]
[SourceVersion "1"]
[SourceVersionDate "2016.04.26"]
[SourceQuality "1"]

1. d4 Nf6 2. c4 e5 3. dxe5 Ng4 4. Bf4 Nc6 5. Nf3 Bb4+ 6. Nbd2 Qe7 7. e3 Ngxe5 8. Nxe5 Nxe5 9. Be2 0-0 10. 0-0 Ng6 11. Bg3 Bd6 12. Bxd6 Qxd6 13. Ne4 Qe7 14. Nc3 d6 15. Nd5 Qd8 16. Qd4 b6 17. Bf3 Bb7 18. Nf6+ Qxf6 19. Qxf6 gxf6 20. Bxb7 Rae8 21. Rfd1 Kg7 22. Rd4 f5 23. g3 Re5 24. Bd5 Ne7 25. Rc1 c5 26. Rd2 Nxd5 27. cxd5 Rfe8 28. Rc3 R8e7 29. Ra3 Re4 30. Kf1 a5 31. Rc3 b5 32. Ke2 Kf6 33. Rc1 h5 34. h4 f4 35. Rd3 c4 36. Rdc3 fxg3 37. fxg3 Ke5 38. a4 bxa4 39. Rxc4 Kxd5 40. R4c3 Rb4 41. Rd1+ Ke6 42. Rd2 Rb3 43. Rc6 Rxe3+ 44. Kxe3 Kd7+ 45. Kf4 Kxc6 46. g4 hxg4 47. Kxg4 d5 48. h5 Kc5 49. h6 d4 50. Kf5 Kc4 51. Kf6 Re6+ 52. Kg5 Rxh6 53. Kxh6 a3 54. bxa3 Kc3 55. Rd1 d3 56. Kg7 Kc2 57. Rh1 d2 58. Kxf7 0-1

[Event "Oban op"]
[Site "Oban"]
[Date "2015.11.22"]
[Round "4"]
[White "Robinson, Stephen"]
[Black "Phillips, David A"]
[Result "1-0"]
[WhiteElo "1753"]
[BlackElo "1985"]
[PlyCount "67"]
[EventDate "2015.10.20"]
[EventType "swiss"]
[EventRounds "5"]
[EventCountry "SCO"]
[SourceTitle "EXT 2023"]
[Source "ChessBase"]
[SourceDate "2022.10.05"]
[SourceVersion "1"]
[SourceVersionDate "2022.10.05"]
[SourceQuality "1"]

1. f4 g6 2. Nf3 Bg7 3. g3 b5 4. Bg2 Bb7 5. 0-0 d6 6. d3 c5 7. e4 e6 8. Nc3 b4 9. Ne2 Nc6 10. Qe1 Nge7 11. Rb1 Qa5 12. a3 0-0 13. Bd2 Qb6 14. Kh1 a5 15. a4 b3 16. c3 Ba6 17. Nc1 h5 18. Be3 d5 19. Nd2 d4 20. cxd4 Nxd4 21. Bxd4 cxd4 22. f5 e5 23. Qf2 Bh6 24. Nc4 Bxc4 25. dxc4 Rac8 26. Nd3 Rxc4 27. Nxe5 Rc2 28. Qf3 Qd6 29. Nxg6 fxg6 30. Qxb3+ Kg7 31. Qxc2 gxf5 32. exf5 d3 33. Qc3+ Rf6 34. Rbe1 1-0

[Event "Oban op"]
[Site "Oban"]
[Date "2015.11.21"]
[Round "3"]
[White "Phillips, David A"]
[Black "Kefalas, Loukas"]
[Result "0-1"]
[WhiteElo "1985"]
[BlackElo "1844"]
[PlyCount "118"]
[EventDate "2015.10.20"]
[EventType "swiss"]
[EventRounds "5"]
[EventCountry "SCO"]
[SourceTitle "EXT 2023"]
[Source "ChessBase"]
[SourceDate "2022.10.05"]
[SourceVersion "1"]
[SourceVersionDate "2022.10.05"]
[SourceQuality "1"]

1. e4 c5 2. Nf3 d6 3. Nc3 a6 4. a4 g6 5. d4 cxd4 6. Nxd4 b6 7. g3 Bg7 8. Bg2 Bb7 9. 0-0 Nf6 10. Be3 0-0 11. h3 Nfd7 12. Qd2 Re8 13. Rad1 Nc6 14. Nde2 Rb8 15. Nd5 Ba8 16. b3 b5 17. axb5 axb5 18. Nd4 Nc5 19. f4 e6 20. b4 Nxe4 21. Bxe4 exd5 22. Bxd5 Nxd4 23. Bxd4 Bxd5 24. Bxg7 Bc4 25. Qd4 Bxf1 26. Bh8 Qb6 27. Kxf1 Qxd4 28. Bxd4 h5 29. Kf2 Ra8 30. Kf3 Ra3+ 31. c3 Ra2 32. h4 f5 33. Be3 Rc2 34. Bd4 Ra2 35. Be3 Ra3 36. Bd4 Kf7 37. Rd2 Re4 38. Kf2 Ke6 39. Bg7 Ra1 40. Bd4 Rh1 41. Kg2 Rhe1 42. Kf2 Kd5 43. Be3+ Kc4 44. Kxe1 Rxe3+ 45. Kf2 Re6 46. Rc2 Kd3 47. Rc1 Kd2 48. Rb1 Kxc3 49. Kf3 d5 50. Rc1+ Kxb4 51. Rc7 Kb3 52. Rd7 b4 53. Rxd5 Kc4 54. Rd8 Rb6 55. Rc8+ Kd3 56. Rd8+ Kc2 57. Rc8+ Kb1 58. Ke3 b3 59. Kd3 b2 0-1

[Event "BCF-chT3Nb 1516 (4NCL)"]
[Site "England"]
[Date "2015.11.15"]
[Round "2.117"]
[White "Bak, Christopher"]
[Black "Phillips, David A"]
[Result "1/2-1/2"]
[WhiteElo "1975"]
[BlackElo "2027"]
[PlyCount "99"]
[EventDate "2015.11.14"]
[EventType "team-swiss"]
[EventRounds "7"]
[EventCountry "ENG"]
[SourceTitle "CBM 169 Extra"]
[Source "ChessBase"]
[SourceDate "2015.12.18"]
[SourceVersion "1"]
[SourceVersionDate "2015.12.18"]
[SourceQuality "1"]
[WhiteTeam "Bradford DCA Knights II"]
[BlackTeam "Spirit of Atticus II"]
[WhiteTeamCountry "ENG"]
[BlackTeamCountry "ENG"]

1. e4 Nc6 2. Nf3 d6 3. d4 Nf6 4. Nc3 g6 5. Bc4 Bg7 6. 0-0 0-0 7. d5 Na5 8. Bd3 c5 9. Bg5 Bg4 10. Qc1 Rb8 11. Nd2 Bd7 12. a4 a6 13. Ra2 Ng4 14. Re1 Re8 15. Bf1 Qc7 16. Bh4 c4 17. Nd1 e6 18. h3 Nf6 19. Ne3 b5 20. axb5 axb5 21. Qa1 Nb7 22. Ra7 h6 23. Bxf6 Bxf6 24. c3 Bg5 25. Qa6 Bxe3 26. Rxe3 exd5 27. g3 Red8 28. Bg2 Nc5 29. Qa1 Qc8 30. exd5 Bxh3 31. Ree7 Rf8 32. Bh1 Ra8 33. Nf3 Rxa7 34. Qxa7 Qa8 35. Kh2 Qxa7 36. Rxa7 Bf5 37. Nd4 Nd3 38. Nxb5 Rb8 39. Nxd6 Rxb2 40. Ra8+ Kg7 41. Nxf5+ gxf5 42. Kg1 Rb1+ 43. Kg2 f4 44. gxf4 Nxf4+ 45. Kh2 Rd1 46. Rc8 Nxd5 47. Rxc4 Rd2 48. Kg3 Rd3+ 49. Kg4 Nxc3 50. Be4 1/2-1/2

[Event "IECC O-3783"]
[Site "IECC email"]
[Date "2013.10.08"]
[Round "?"]
[White "Acosta, Errol"]
[Black "Phillips, David A"]
[Result "0-1"]
[WhiteElo "1312"]
[BlackElo "1279"]
[PlyCount "74"]
[EventDate "2013.??.??"]
[EventType "swiss (corr)"]
[EventRounds "2"]
[SourceTitle "Telechess CBM 165"]
[Source "ChessBase"]
[SourceDate "2015.03.11"]
[SourceVersion "1"]
[SourceVersionDate "2015.03.11"]
[SourceQuality "1"]
[WhiteTeam "US of America"]
[BlackTeam "England"]
[WhiteTeamCountry "USA"]
[BlackTeamCountry "ENG"]

1. e4 d5 2. e5 Nc6 3. f4 e6 4. Nf3 Nh6 5. d4 Nf5 6. c3 a6 7. Bd3 g6 8. 0-0 Bg7 9. Qe2 0-0 10. Nbd2 b5 11. Nb3 Qe7 12. Ng5 f6 13. Nf3 Bb7 14. Nc5 Nd8 15. b4 Bc6 16. exf6 Bxf6 17. g4 Nh4 18. g5 Nxf3+ 19. Rxf3 Bg7 20. Bd2 Qe8 21. a3 Bd7 22. Raf1 a5 23. Nxd7 Qxd7 24. Bxb5 c6 25. Bd3 axb4 26. axb4 Ra2 27. Rh3 e5 28. Qg2 Rxd2 29. Qxd2 Qxh3 30. dxe5 Ne6 31. Be2 Qh4 32. Qe1 Rxf4 33. Qxh4 Rxh4 34. Ra1 Bxe5 35. Ra8+ Nf8 36. Rc8 d4 37. Rxc6 dxc3 0-1